Countries Closest to Afro-Eurasia - One Minute Sprint - Statistics

General Stats
  • This quiz has been taken 99 times
  • The average score is 12 of 20
Answer Stats
km country miles % Correct
33 United Kingdom 21
76%
50 Japan 31
72%
69 Cyprus 43
70%
412 Ireland 256
70%
244 Malta 151
70%
47 Sri Lanka 29
69%
44 United States 28
69%
4 Taiwan 3
66%
973 Iceland 604
65%
29 Indonesia 18
65%
416 Madagascar 258
63%
424 Maldives 263
63%
572 Cabo Verde 355
62%
618 Philippines 384
62%
296 Comoros 184
61%
0.5 Singapore 0.3
61%
238 São Tomé and Príncipe 148
58%
937 Brunei 582
46%
1 Bahrain 1
42%
589 Faroe Islands 366
17%
No matching quizzes found
Score Distribution
Percent of People with Each Score
Percentile by Number Answered
Your Score History
You have not taken this quiz